000 00465nam a22001697a 4500
005 20241028102252.0
008 241028b |||||||| |||| 00| 0 eng d
020 _a9789988070304
050 _aNA2543
_b.T43
100 _aEmmitt, Stephen
245 _aArchitectural Technology
_cStephen Emmitt
260 _aLondon
_bBlackwell Science Ltd
_c2002
300 _aviii.264pages
_bill.
_c24.5cm
500 _aIncludes index
650 _2Architecture
942 _2lcc
_cBK
_n0
999 _c269
_d269